000 00774nam a2200217Ia 4500
008 241004s9999 xx 000 0 und d
020 _a9789391985035
037 _aTextbook
040 _aARTS
_bhin
_cARTS
041 _ahin
_2hin
084 _aQ4v 152R2
_qARTS
100 _aदास, संजीव कुमार, ले.
245 _aबुद्ध एवं बौद्ध शासन
_cदास, संजीव कुमार, ले.
260 _aभारत
_bदिल्ली, बुद्धिस्ट वर्ल्ड प्रेस,
_c2022
300 _a286पृ0
365 _aINR
_b1950
546 _aTranslated form Sanskrit to Hindi
650 _aBuddhism
942 _cTB
_hQ4v 152R2
999 _c1218694
_d1218694